00383cam a2200133 4500020001500000082001200015100001700027245002300044250001200067260002800079300001600107505006500123650006100188 a817758541x00a547 FIN1 aFinar, I. L.00aOrganic chemistry, a5th ed. aLondon,bLongman,c2007 a956billus.1 av. 2. Stereochemestry and the chemistry of Natural Products. 0aChemistry, Organic.aStereochemistry.aNatural Products.